000
00317nam a2200145Ia 4500
005
20251222154328.0
008
251222s9999||||xx |||||||||||||| ||spa||
020
_a
8401360404
082
_a
863/S83
100
_a
Straub, Peter
245
0
_a
Dragón
250
_a
1ra.ed.
264
_b
Plaza & Janés
942
_c
LIB
999
_c
34036
_d
34036